| 000 | 00988nam a2200241Ia 4500 | ||
|---|---|---|---|
| 999 |
_c65214 _d65214 |
||
| 005 | 20240530110813.0 | ||
| 008 | 140319s2009 au a f b 000 0 ara d | ||
| 017 | _bمصر. دار الكتب | ||
| 040 |
_aGCL / _cGCL |
||
| 082 | 0 | 4 |
_221 _a733.3 / _bم ف |
| 100 | 0 | _aمحمد عبدالفتاح السيد | |
| 245 | 1 | 0 |
_aفن النحت اليونانى فى العصرين الارخى والكلاسيكى / _cمحمد عبدالفتاح السيد ، حنان خميس الشافعى |
| 250 | _aط.1 | ||
| 260 |
_aالاسكندرية : _bدار المعرفة الجامعية، _c2009 . |
||
| 300 |
_a364 ص. : _bايض. ؛ _c24 سم. |
||
| 650 | 0 | 7 |
_aالنحت _2qrmak _yالعصر الارخى |
| 650 | 0 | 7 |
_aالنحت اليونانى _2qrmak |
| 650 | 0 | 7 |
_aالنحت _yالعصر الكلاسيكى _2qrmak |
| 651 | _2qrmak | ||
| 700 | 0 |
_aحنان خميس الشافعى _eمؤلف مشارك |
|
| 942 |
_2ddc _cBK |
||